000
00338nam a2200133Ia 4500
008
240624s9999 xx 000 0 und d
041
_a
eng
082
_a
338.5 MAR
100
_a
AUGIER MIE
245
_a
ECONOMICS OF CHOICE CHANGE AND ORGANIZAT
260
_c
2004
_a
Cheltenham
_b
Edward Elgar Pub
300
_a
461 : p.
365
_c
BPS
_b
25
999
_c
18314
_d
18314